000 00701nam a2200181Ia 4500
008 151018s9999 xx 000 0 und d
082 _bRBASDV48253
_a113.8
100 _aशारदा देवी
245 _aश्री माँ शारदा देवी कि अमृतवाणी
250 _b1
260 _bअद्वेत आश्रम
_c2008
300 _a128
600 _aशारदा देवी
630 _aश्री माँ शारदा देवी कि अमृतवाणी
700 _aशारदा देवी
730 _aश्री माँ शारदा देवी कि अमृतवाणी
942 _cBOOK
999 _c1047381
_d1047378